| 000 | 00433nam a2200181Ia 4500 | ||
|---|---|---|---|
| 001 | 22376 | ||
| 005 | 20260414150827.0 | ||
| 008 | 260414t2000||||xx |||||||||||||| ||spa|| | ||
| 041 | _aESP | ||
| 082 |
_a621.38 _bF64 |
||
| 100 |
_aFloyd, Thomas L. _eAUT |
||
| 245 | 0 |
_aFundamentos de sistemas digitales _b |
|
| 260 | _c2000 | ||
| 300 |
_a1152 páginas : _c26 cm. |
||
| 650 | _aTCA | ||
| 654 | _aCET | ||
| 942 |
_cLIB _dJUS _fJUS _2ddc _n |
||
| 999 |
_c22376 _d22376 |
||